| 000 | 00429nam a22001697a 4500 | ||
|---|---|---|---|
| 005 | 20160527123011.0 | ||
| 008 | 160527b xxu||||| |||| 00| 0 eng d | ||
| 020 | _a978-0-07-058135-7 | ||
| 041 | _aeng | ||
| 082 | _b5533 | ||
| 100 |
_aKulkarni, Sarika & Sharma Ashok _91388 |
||
| 245 | _aSupply Chain Management | ||
| 260 |
_aNew Delhi _bAcademic Faundation _c2008 |
||
| 300 | _a357 | ||
| 650 |
_aManagement _9241 |
||
| 942 | _cBK | ||
| 999 |
_c1967 _d1966 |
||